| 000 | 00415nam a2200181Ia 4500 | ||
|---|---|---|---|
| 003 | OST | ||
| 005 | 20240606080827.0 | ||
| 008 | 150730s9999 xx 000 0 und d | ||
| 020 | _a855012595 | ||
| 040 | _cMRUC | ||
| 100 | _aMuller-Schwarz | ||
| 245 | _aBasic Electrical Theory And Practice | ||
| 264 | _aLondon | ||
| 264 | _bHeyden | ||
| 264 | _c1981 | ||
| 942 |
_2lcc _cBK |
||
| 999 |
_c986 _d986 |
||